000 00305nam a22001337a 4500
008 180927b xxu||||| |||| 00| 0 eng d
020 _a723812788286
041 _aeng
080 _a330
100 _a52
101 _aMBE
245 _aEconometric Analysis of Panel Data
_cBaltagi, B.H
942 _2udc
_cBK
999 _c48581
_d48581